<?xml version="1.0" encoding="UTF-8"?>
<marc:record xmlns:marc="http://www.loc.gov/MARC21/slim">
   <marc:leader>00000nam a2200000 a 4500</marc:leader>
   <marc:datafield ind1="1" ind2=" " tag="100">
      <marc:subfield code="a">Buchczik, Nadja</marc:subfield>
      <marc:subfield code="4">aut</marc:subfield>
      <marc:subfield code="e">Verfasser/-in</marc:subfield>
   </marc:datafield>
   <marc:datafield ind1=" " ind2=" " tag="653">
      <marc:subfield code="a">Gartenglück</marc:subfield>
   </marc:datafield>
   <marc:datafield ind1=" " ind2=" " tag="653">
      <marc:subfield code="a">Selbstversorger</marc:subfield>
   </marc:datafield>
   <marc:datafield ind1=" " ind2=" " tag="653">
      <marc:subfield code="a">Selbstversorgergarten</marc:subfield>
   </marc:datafield>
   <marc:datafield ind1=" " ind2=" " tag="653">
      <marc:subfield code="a">balkongarten</marc:subfield>
   </marc:datafield>
   <marc:datafield ind1=" " ind2=" " tag="653">
      <marc:subfield code="a">Balkongärtnern</marc:subfield>
   </marc:datafield>
   <marc:datafield ind1=" " ind2=" " tag="653">
      <marc:subfield code="a">Balkongemüse</marc:subfield>
   </marc:datafield>
   <marc:datafield ind1=" " ind2=" " tag="653">
      <marc:subfield code="a">Balkonkräuter</marc:subfield>
   </marc:datafield>
   <marc:datafield ind1=" " ind2=" " tag="653">
      <marc:subfield code="a">Kleine Gärten</marc:subfield>
   </marc:datafield>
   <marc:datafield ind1=" " ind2=" " tag="653">
      <marc:subfield code="a">Minigarten</marc:subfield>
   </marc:datafield>
   <marc:datafield ind1=" " ind2=" " tag="653">
      <marc:subfield code="a">Balkonien</marc:subfield>
   </marc:datafield>
   <marc:datafield ind1=" " ind2=" " tag="653">
      <marc:subfield code="a">Biogarten</marc:subfield>
   </marc:datafield>
   <marc:datafield ind1=" " ind2=" " tag="653">
      <marc:subfield code="a">Biogemüse</marc:subfield>
   </marc:datafield>
   <marc:datafield ind1=" " ind2=" " tag="653">
      <marc:subfield code="a">Biobalkon</marc:subfield>
   </marc:datafield>
   <marc:datafield ind1=" " ind2=" " tag="653">
      <marc:subfield code="a">Softcover / Ratgeber/Natur/Garten</marc:subfield>
   </marc:datafield>
   <marc:datafield ind1="0" ind2="0" tag="245">
      <marc:subfield code="a">Mein Biobalkon</marc:subfield>
   </marc:datafield>
   <marc:datafield ind1="0" ind2="0" tag="245">
      <marc:subfield code="b">Gemüse, Kräuter, Obst: Ernteglück auf kleinstem Raum</marc:subfield>
   </marc:datafield>
   <marc:datafield ind1="0" ind2="0" tag="245">
      <marc:subfield code="c">Nadja Buchczik</marc:subfield>
   </marc:datafield>
   <marc:datafield ind1=" " ind2="1" tag="264">
      <marc:subfield code="a">Igling</marc:subfield>
      <marc:subfield code="b">Edition Michael Fischer / EMF Verlag</marc:subfield>
      <marc:subfield code="c">2022</marc:subfield>
   </marc:datafield>
   <marc:datafield ind1=" " ind2=" " tag="250">
      <marc:subfield code="a">1. Auflage</marc:subfield>
   </marc:datafield>
   <marc:datafield ind1="1" ind2=" " tag="520">
      <marc:subfield code="a">Angaben aus der Verlagsmeldung

Mein Biobalkon : Gemüse, Kräuter, Obst: Ernteglück auf kleinstem Raum / von Nadja Buchczik

Bio – logisch! Wer sein Essen selbst anbaut, weiß, was drin ist. Was gibt es Schöneres, als in erntefrisches Gemüse zu beißen oder noch sonnenwarme Erdbeeren zu essen. Auch, wenn man keinen (Schreber-) Garten sein Eigen nennen kann, muss das nicht heißen, dass man auf selbstgezogenes Obst und Gemüse verzichten muss! Denn für das grüne Glück braucht man nicht viel Platz. Egal, ob Terrasse, Balkon oder Fensterbrett – jeder Platz wird zum Gärtnern genutzt!

Mit 44 Pflanzportraits – perfekt für kleine Anbauflächen

Detaillierte Exkursseiten für noch mehr Infos

Mit vielen Praxistipps für das Gärnern auf dem Balkon

Jetzt mit Trendthema Regrowing

Welche Kräuter lassen sich im Topf ziehen, welches Beerenobst passt in den Blumenkasten? Erfahre in diesem Buch, welche Gemüsesorten auch auf einem Nordbalkon mit wenig Licht auskommen, welche Obstbäume sich auch auf 4 Quadratmetern ziehen lassen und wie man das Wohnzimmer im Grünen zum Bienenparadies umgestaltet.
Dieses Buch stellt in über 40 Pflanzportraits Obst-, Gemüse-, und Kräutersorten vor, die sich problemlos auch auf kleinen Anbauflächen ziehen und ernten lassen. Das sorgt für ganz viel Abwechslung auf dem Teller! Und die zahlreichen einsteigerfreundlichen Praxis- und Pflegetipps garantieren für jede Balkonsituation die optimale Ernte.  

</marc:subfield>
   </marc:datafield>
   <marc:datafield ind1=" " ind2=" " tag="020">
      <marc:subfield code="a">9783745908749</marc:subfield>
      <marc:subfield code="9">9783745908749</marc:subfield>
   </marc:datafield>
   <marc:datafield ind1=" " ind2=" " tag="020">
      <marc:subfield code="a">3745908740</marc:subfield>
      <marc:subfield code="9">3745908740</marc:subfield>
   </marc:datafield>
   <marc:datafield ind1=" " ind2=" " tag="041">
      <marc:subfield code="a">ger</marc:subfield>
   </marc:datafield>
   <marc:datafield ind1=" " ind2=" " tag="300">
      <marc:subfield code="a">112 S.</marc:subfield>
   </marc:datafield>
</marc:record>
